معجم المال والأعمال : (Record no. 22629)
[ view plain ]
| 000 -الفاتح | |
|---|---|
| حقل البيانات ثابتة الطول | 01772nam a22003375a 4500 |
| 003 - محدد رقم الضبط | |
| رقم الضبط | OSt |
| 005 - وقت وتاريخ اخر تعامل مع التسجيلة | |
| رقم الضبط | 20180104120024.0 |
| 008 - عناصر البيانات ثابتة الطول - معلومات عامة | |
| حقل البيانات ثابتة الطول | 161017s2013 ua frd 000 0 mul d |
| 020 ## - الرقم الدولى المعيارى للكتب | |
| الرقم الدولى المعيارى للكتاب | 9789779006468 |
| 020 ## - الرقم الدولى المعيارى للكتب | |
| الرقم الدولى المعيارى للكتاب | 9779006468 |
| 040 ## - مصدر الفهرسة | |
| وكالة الفهرسة الأصلية | EG-ScBUE |
| لغة الفهرسة | eng |
| وكالة النسخ | EG-ScBUE |
| 041 0# - رمز اللغة | |
| رمز لغة النص/ المسارات الصوتية أو العنوان الانفرادي | ara |
| -- | eng |
| -- | fre |
| 082 04 - رقم تصنيف ديوى العشرى | |
| رقم التصنيف | 332.03 |
| رقم المادة | أ س ي |
| رقم الطبعة | 22 |
| 100 1# - المدخل الرئيسى - إسم شخصى | |
| الإسم الشخصى | أسيوطي، مجدي نافد. |
| 245 10 - بيان العنوان | |
| العنوان | معجم المال والأعمال : |
| بقية العنوان | عربي - إنجليزي - فرنسي = Finance and business dictionary : Arabic - English - French ؛ يلحقه مدخل إلى النحو / |
| بيان المسئوليه,etc | إعداد مجدي نافد الأسيوطي ؛ بالاشتراك مع آمال مجدي نافد الأسيوطي، سلوى مجدي نافد الأسيوطي، عادل مجدي نافد الأسيوطي. |
| 246 31 - العنوان الموازى | |
| عنوان صحيح/عنوان مختصر | Finance and business dictionary : Arabic - English - French : newest banking, financial, commercial and economic terms annexed with Arabic grammar |
| 250 ## - بيان الطبعة | |
| بيان الطبعة | ط. 1. |
| 260 ## - PUBLICATION, DISTRIBUTION, ETC. (IMPRINT) | |
| مكان الناشر او الموزع | القاهرة : |
| اسم الناشر او الموزع | الأسيوطي : |
| -- | مؤسسة الأهرام، |
| تاريخ النشر أو التوزيع | 2013. |
| 300 ## - الوصف المادى | |
| التعداد | 1040، 142 ص. ؛ |
| أبعاد الوعاء | 24 سم. |
| 546 ## - تبصرة اللغة | |
| تبصرة اللغة | النص باللغة العربية والإنجليزية والفرنسية. |
| 650 #7 - المدخل الاضافى بالموضوع-مصطلح موضوعى | |
| مصطلح موضوعي أو اسم جغرافي كعنصر مدخل | المالية |
| التقسيم الفرعي الشكلي | معجم مصطلحات. |
| مصدر الرأس أو المصطلح | BUEsh |
| 650 #7 - المدخل الاضافى بالموضوع-مصطلح موضوعى | |
| مصطلح موضوعي أو اسم جغرافي كعنصر مدخل | إدارة الأعمال |
| التقسيم الفرعي الشكلي | معجم مصطلحات. |
| مصدر الرأس أو المصطلح | BUEsh |
| 650 #7 - المدخل الاضافى بالموضوع-مصطلح موضوعى | |
| مصطلح موضوعي أو اسم جغرافي كعنصر مدخل | البنوك |
| التقسيم الفرعي الشكلي | معجم مصطلحات. |
| مصدر الرأس أو المصطلح | BUEsh |
| 651 ## - المدخل الاضافى بالموضوع - اسم جغرافى | |
| مصدر الرأس أو المصطلح | BUEsh |
| 653 ## - مصطلح تكشيفى غير مقيد | |
| Resource For college | |
| -- | Humanities: English |
| -- | BAEPS, Economics |
| -- | BAEPS, Business Administration |
| Arrived date list | October2016 |
| -- | January2018 |
| 700 1# - المدخل الاضافى - اسم شخصى | |
| الإسم الشخصى | أسيوطي، آمال مجدي نافد، |
| الدور | مشارك. |
| 700 1# - المدخل الاضافى - اسم شخصى | |
| الإسم الشخصى | أسيوطي، سلوى مجدي نافد، |
| الدور | مشارك. |
| 700 1# - المدخل الاضافى - اسم شخصى | |
| الإسم الشخصى | أسيوطي، عادل مجدي نافد، |
| الدور | مشارك. |
| 740 02 - المدخل الاضافى - عنوان مرتبط/تحليلى غير مقيد | |
| العنوان التحليلي/ الرابط غير مقيد | مدخل إلى النحو |
| 942 ## - عناصر المدخل الإضافي( كوها) | |
| مصدر التصنيف او مخطط الترفيف | Dewey Decimal Classification |
| حالة التراجع | حالة الفقد | مصدر التصنيف او خطة الترفيف | حالة تلف | ليس للاعارة | مجموعات كوها | المكان الدائم | المكان الحالي | موقع الترفيف | تاريخ الاكتساب | Source of acquisition | سعر الشراء الطبيعي | تعداد مسلسل / التسلسل الزمني | رقم الاستدعاء | الباركود | Date last checked out | Date last seen | مُعار | التكلفة | نوع الوعاء |
|---|---|---|---|---|---|---|---|---|---|---|---|---|---|---|---|---|---|---|---|
| Dewey Decimal Classification | Academic Bookshop | Central Library | Central Library | Ground Floor | 17/10/2016 | Purchase | 170.00 | 9119 | 332.03 أ س ي | 000034119 | 18/09/2017 | 21/08/2017 | 21/08/2017 | 212.50 | Book - Borrowing | ||||
| Dewey Decimal Classification | Academic Bookshop | Central Library | Central Library | Ground Floor | 04/01/2018 | Purchase | 170.00 | 1842 | 332.03 أ س ي | 000042781 | 15/07/2025 | 218.75 | Reference (NB) |